000 00538nam a22001817a 4500
999 _c9178
_d9178
008 210326b ||||| |||| 00| 0 eng d
040 _aBMS College of Architecture
100 _aShetty, Rohan
245 _aMayo hall centre for culture and the arts
300 _a66p.
500 _a1BM04AT026
502 _8B.Arch
_NBMS College of Architecture, Visvesvaraya Technological University
_aProject report
_d2009
650 _aArts
650 _aCulture
700 _aK Jaisim
_eGuide
700 _aMamatha P Raj
_eGuide
942 _2ddc
_cTHE